[Event "HEM-Kandidaten 2024"]
[Site "?"]
[Date "2024.05.20"]
[Round "3.1"]
[White "Sell, Eero"]
[Black "Emami, Madjid"]
[Result "1-0"]
[WhiteElo "1843"]
[BlackElo "1937"]
[PlyCount "53"]
[GameId "2047397963243612"]
[EventDate "2024.??.??"]
[WhiteTeam "SchVgg Blankenese von 1923 e.V."]
[BlackTeam "Hamburger SK von 1830 eV"]

{[%evp 0,43,19,29,77,64,88,87,99,46,23,26,20,-19,10,-14,3,3,-8,-13,5,13,22,25,22,0,0,-1,38,40,56,55,73,25,27,86,98,-36,-42,-51,-28,-91,-127,-94,57,40]} 1. e4 g6 2. d4 Bg7 3. Nc3 c6 4. f4 d5 5. e5 Nh6 6. Be3 f6 7. Qd2 Ng4 8. Nf3 Nxe3 9. Qxe3 O-O 10. O-O-O Bg4 11. Be2 Nd7 12. h3 Bxf3 13. Bxf3 Nb6 14. Be2 fxe5 15. fxe5 e6 16. h4 c5 17. dxc5 Nd7 18. Bg4 Qe7 19. Qh3 Nxc5 20. Kb1 h5 21. Be2 Nd7 22. g4 hxg4 23. Bxg4 Nc5 24. h5 g5 25. h6 Bxe5 26. Rde1 Qd6 27. Nb5 1-0

[Event "HEM-Kandidaten 2024"]
[Site "?"]
[Date "2024.05.20"]
[Round "3.2"]
[White "Atri, Jamshid"]
[Black "Piepenhagen, Eric"]
[Result "0-1"]
[WhiteElo "1991"]
[BlackElo "1914"]
[Annotator "hugo5"]
[PlyCount "167"]
[GameId "2047395297120278"]
[EventDate "2024.??.??"]
[WhiteTeam "Hamburger SK von 1830 eV"]
[BlackTeam "Niendorfer TSV 1919 SAbt"]

{[%evp 0,25,32,33,41,46,53,40,42,33,27,55,56,4,34,28,19,47,32,23,38,9,19,9,18,11,43,-6]} 1. e4 c5 2. Nf3 e6 3. d4 cxd4 4. Nxd4 Nf6 5. Nc3 Nc6 6. g3 d5 7. exd5 exd5 8. Bg2 Bg4 9. f3 Bd7 10. O-O Be7 11. Be3 O-O 12. Bf2 Re8 13. Qd2 Ne5 14. Rad1 Nc4 15. Qc1 Bb4 16. Nde2 Qa5 17. g4 Bc6 18. Rd3 Ne5 19. Rdd1 Nc4 20. g5 Nd7 21. f4 Ndb6 22. Rd3 Re7 23. a3 Bd6 24. Nd4 Rd7 25. Nb3 Qa6 26. Nc5 Bxc5 27. Bxc5 Na4 28. Nxa4 Qxa4 29. Bd4 Nd6 30. b3 Qa6 31. Re1 Nb5 32. Bb2 Qb6+ 33. Qe3 Re7 34. Qxb6 Rxe1+ 35. Kf2 axb6 36. Kxe1 Nxa3 37. Bxa3 Rxa3 38. Bxd5 Kf8 39. Bxc6 bxc6 40. Rd6 Ra1+ 41. Kd2 c5 42. Rxb6 Rh1 43. Rc6 Rxh2+ 44. Kd3 Rf2 45. Rxc5 Rxf4 46. c4 Ke7 47. Rd5 f5 48. b4 Ke6 49. b5 Rf3+ 50. Kc2 Ra3 51. Kb2 Ra7 52. Kc3 f4 53. Rd2 f3 54. Kb4 Rf7 55. Rf2 Kd6 56. c5+ Kc7 57. Ka5 Kb7 58. c6+ Kc7 59. Rc2 f2 60. b6+ Kc8 61. c7 Rf8 62. b7+ {(=)} Kxb7 63. c8=Q+ Rxc8 64. Rxf2 Rc5+ 65. Kb4 Rxg5 66. Kc4 Kc6 67. Kd4 Kd6 68. Ra2 Rg4+ 69. Ke3 h5 70. Ra6+ Ke7 71. Kf3 Kf7 72. Ra7+ Kg6 73. Ra6+ Kh7 74. Ra7 Kh6 75. Ra8 Kg5 76. Ra5+ Kh4 77. Ra1 Rg3+ 78. Kf2 g5 79. Rh1+ Kg4 80. Ra1 h4 81. Ra4+ Kh3 82. Ra1 Kh2 83. Ra8 g4 84. Rh8 0-1

[Event "HEM-Kandidaten 2024"]
[Site "?"]
[Date "2024.05.20"]
[Round "3.3"]
[White "Becker, Thomas"]
[Black "Ruider, Thomas"]
[Result "1-0"]
[WhiteElo "1911"]
[BlackElo "1846"]
[PlyCount "57"]
[GameId "2047399553544436"]
[EventDate "2024.??.??"]
[WhiteTeam "Volksdorfer SK 1948"]
[BlackTeam "SF Sasel 1947"]

{[%evp 0,28,36,24,45,47,39,-27,12,12,11,12,13,4,18,-11,-8,-17,-14,-14,0,-42,-65,-64,-54,-67,-53,-67,-22,-67,-67]} 1. e4 d5 2. exd5 Nf6 3. c4 c6 4. d4 cxd5 5. Nc3 Nc6 6. Bg5 Be6 7. c5 Ne4 8. Nxe4 dxe4 9. Be3 Qa5+ 10. Qd2 Qxd2+ 11. Kxd2 O-O-O 12. Kc3 g6 13. Bc4 Bd5 14. Bxd5 Rxd5 15. Kc4 e6 16. Ne2 Rd7 17. b4 Bg7 18. Rad1 Ne7 19. Nc3 f5 20. Nb5 Nc6 21. Nd6+ Kb8 22. b5 Na5+ 23. Kb4 b6 24. Bf4 Bf8 25. Nf7+ Ka8 26. Nxh8 Nb7 27. Kc4 bxc5 28. dxc5 Bg7 29. Kb4 1-0

[Event "HEM-Kandidaten 2024"]
[Site "?"]
[Date "2024.05.20"]
[Round "3.4"]
[White "Tietz, Bennit"]
[Black "Schiller, Thomas"]
[Result "1/2-1/2"]
[WhiteElo "1896"]
[BlackElo "1852"]
[PlyCount "87"]
[GameId "2047427087282198"]
[EventDate "2024.??.??"]
[WhiteTeam "Hamburger SK von 1830 eV"]
[BlackTeam "SK Johanneum Eppendorf"]

{[%evp 0,19,19,23,39,42,46,-18,0,-14,-30,-18,-18,4,49,11,17,-20,-32,-32,27,19]} 1. e4 e5 2. Nc3 Nf6 3. f4 d5 4. fxe5 Nxe4 5. Nf3 Be7 6. d3 Ng5 7. Bxg5 Bxg5 8. Nxd5 Qxd5 9. Nxg5 Qxe5+ 10. Qe2 Nc6 11. Qxe5+ Nxe5 12. d4 h6 13. Ne4 Ng6 14. Bb5+ Bd7 15. Bxd7+ Kxd7 16. O-O Rhf8 17. Nc5+ Kc6 18. Rae1 Rad8 19. c3 b6 20. Nd3 f6 21. g3 Rfe8 22. h4 a5 23. h5 Nf8 24. Nf4 Kd6 25. Kf2 Ne6 26. Nxe6 Rxe6 27. Rxe6+ Kxe6 28. Re1+ Kd6 29. Kf3 Rd7 30. Kf4 c5 31. Re4 b5 32. b3 Kd5 33. Kf5 c4 34. Re3 cxb3 35. axb3 a4 36. bxa4 bxa4 37. Re8 Ra7 38. Rd8+ Kc4 39. d5 a3 40. d6 a2 41. d7 a1=Q 42. Rc8+ Kb3 43. Rb8+ Kc2 44. d8=Q 1/2-1/2

[Event "HEM-Kandidaten 2024"]
[Site "?"]
[Date "2024.05.20"]
[Round "3.5"]
[White "Schacht, David"]
[Black "Johanssen, Torsten"]
[Result "0-1"]
[WhiteElo "1770"]
[BlackElo "1906"]
[PlyCount "56"]
[GameId "2047356216000700"]
[EventDate "2024.??.??"]
[WhiteTeam "SchVgg Blankenese von 1923 e.V."]
[BlackTeam "SC Diogenes e.V."]

{[%evp 0,27,23,42,57,30,14,14,19,41,35,39,14,-6,-8,-16,-17,-28,13,-53,-49,-43,-28,-30,-10,-8,-5,-13,-28,-39]} 1. e4 Nf6 2. Nc3 e5 3. Bc4 Bb4 4. Nf3 O-O 5. O-O Bxc3 6. dxc3 d6 7. Bg5 h6 8. Bh4 Nbd7 9. b4 a5 10. a3 Qe7 11. Nd2 g5 12. Bg3 Kg7 13. h4 Nb6 14. Ba2 Na4 15. Qf3 Bg4 16. Qe3 Nh5 17. hxg5 hxg5 18. Bb3 Nb6 19. Nc4 Nxc4 20. Bxc4 f6 21. Bh2 Rh8 22. f3 Bd7 23. g4 Nf4 24. Bxf4 gxf4 25. Qf2 Rh3 26. Rfe1 Rah8 27. Rf1 Rh1+ 28. Kg2 R8h2# 0-1

[Event "HEM-Kandidaten 2024"]
[Site "?"]
[Date "2024.05.20"]
[Round "3.6"]
[White "Srinath, Manish"]
[Black "Laucht, Philipp"]
[Result "0-1"]
[WhiteElo "1729"]
[BlackElo "1801"]
[PlyCount "48"]
[GameId "2047357865861142"]
[EventDate "2024.??.??"]
[WhiteTeam "Hamburger SK von 1830 eV"]
[BlackTeam "SK Johanneum Eppendorf"]

{[%evp 0,26,42,39,53,53,55,23,29,34,32,3,10,-8,21,-9,-25,-18,-13,-27,-34,-39,-37,-46,-28,-26,-11,-33,-34]} 1. e4 c5 2. Nc3 Nc6 3. f4 g6 4. Nf3 Bg7 5. Bb5 Nd4 6. Bc4 d6 7. h3 e6 8. d3 Ne7 9. Nxd4 cxd4 10. Ne2 O-O 11. O-O d5 12. Bb3 dxe4 13. dxe4 b5 14. Qd3 Qb6 15. Kh1 a5 16. a4 b4 17. Rb1 Rd8 18. Rd1 Ba6 19. Bc4 Bxc4 20. Qxc4 Rac8 21. Qb3 Qc6 22. e5 Nf5 23. c3 Qe4 24. Be3 Nxe3 0-1

[Event "HEM-Kandidaten 2024"]
[Site "?"]
[Date "2024.05.20"]
[Round "3.7"]
[White "Haack, Stefan"]
[Black "Becker-Bertau, Friedrich"]
[Result "1/2-1/2"]
[WhiteElo "1793"]
[BlackElo "1932"]
[Annotator "hugo5"]
[PlyCount "73"]
[GameId "2047360472166548"]
[EventDate "2024.??.??"]
[WhiteTeam "SC Diogenes e.V."]
[BlackTeam "Langenhorner SF 1928"]

{[%evp 0,15,20,20,20,-23,0,-4,-11,6,60,46,35,35,40,3,35,25]} 1. e4 Nf6 2. Nc3 e5 3. Nf3 d6 4. d4 exd4 5. Nxd4 Nc6 6. Bg5 Be7 7. Nxc6 bxc6 8. Qd4 h6 9. Bh4 O-O 10. Bg3 Nh5 11. Bc4 Nxg3 12. hxg3 Bf6 13. Qd2 Be6 14. Bb3 d5 15. exd5 Bxc3 16. Qxc3 cxd5 17. O-O-O Qd6 18. Qd3 c6 19. c4 Qc5 20. Qd4 Qxd4 21. Rxd4 c5 22. Rf4 d4 23. Re4 a5 24. Rh5 a4 25. Bc2 Rfc8 26. b3 axb3 27. Bxb3 Kf8 28. g4 Ke7 29. f4 Kd6 30. f5 Bd7 31. f6 Bc6 32. Re7 gxf6 33. Rxf7 Ke6 34. Rh7 Bxg2 35. R7xh6 Bf3 36. Rf5 Bxg4 37. Rhxf6+ 1/2-1/2

[Event "HEM-Kandidaten 2024"]
[Site "?"]
[Date "2024.05.20"]
[Round "3.8"]
[White "Gehn, Roland"]
[Black "Malchereck, Romeo"]
[Result "1-0"]
[WhiteElo "1934"]
[BlackElo "1774"]
[PlyCount "86"]
[GameId "2047358920667228"]
[EventDate "2024.??.??"]
[WhiteTeam "SK Union Eimsbuettel eV"]
[BlackTeam "Hamburger SK von 1830 eV"]

{[%evp 0,39,39,16,10,6,-11,-11,6,6,59,54,32,41,41,11,26,22,28,23,25,-9,41,39,51,35,35,4,7,1,1,-21,-21,-36,-56,-63,7,1,-41,-54,123,133]} 1. d4 Nf6 2. c4 e6 3. Nf3 d5 4. Nc3 b6 5. Bg5 Be7 6. e3 Bb7 7. Be2 Nbd7 8. O-O O-O 9. cxd5 exd5 10. Ne5 a6 11. Rc1 Rc8 12. Qa4 b5 13. Qb3 h6 14. Bf4 c5 15. Nxd7 Qxd7 16. Bf3 c4 17. Qd1 Bc6 18. Be5 b4 19. Bxf6 bxc3 20. Bg4 Qa7 21. bxc3 Bxf6 22. Bxc8 Rxc8 23. Rb1 Qc7 24. Qc2 g6 25. Rb2 Bd7 26. e4 dxe4 27. Qxe4 Bf5 28. Qe3 Kg7 29. Re1 Qa5 30. h3 Qa3 31. Rd2 Rb8 32. Ree2 Rb1+ 33. Kh2 Qc1 34. Kg3 Bd3 35. Rxd3 cxd3 36. Qxd3 g5 37. Re3 Qa3 38. Qxb1 Qd6+ 39. Kf3 Qd5+ 40. Ke2 Qxg2 41. Qf5 Qc6 42. Rf3 Qc4+ 43. Ke1 Be7 1-0

[Event "HEM-Kandidaten 2024"]
[Site "?"]
[Date "2024.05.20"]
[Round "3.9"]
[White "Quitzau, Lukas"]
[Black "Priess, Holger"]
[Result "1-0"]
[WhiteElo "1827"]
[BlackElo "1789"]
[PlyCount "129"]
[GameId "2047353626607687"]
[EventDate "2024.??.??"]
[WhiteTeam "Barmbeker SK 1926 eV"]
[BlackTeam "SF Hamburg e.V. 1934"]

{[%evp 0,28,39,10,27,-12,-8,-10,4,-7,4,-7,2,-9,25,-22,22,21,9,5,73,66,95,78,96,32,36,36,52,27,38]} 1. Nf3 d5 2. g3 Bf5 3. Bg2 e6 4. O-O Nf6 5. d3 h6 6. c3 Bd6 7. Nbd2 Bg4 8. Qb3 Qc8 9. e4 Bxf3 10. Bxf3 dxe4 11. dxe4 Nc6 12. Re1 Ne5 13. Bg2 O-O 14. Qc2 Qd7 15. Nf1 Bc5 16. Rd1 Qc6 17. Be3 Bxe3 18. Nxe3 Qb6 19. h3 Rad8 20. Qe2 Rd7 21. Rxd7 Nexd7 22. Nc4 Qc5 23. b4 Qe7 24. Rd1 e5 25. Ne3 g6 26. Nc4 c6 27. Qe3 Qe6 28. Bf1 b5 29. Na5 Kg7 30. Kg2 Qxa2 31. Nxc6 Qc2 32. Rd3 a6 33. Rd6 Rc8 34. Be2 Nxe4 35. Rxd7 Rxc6 36. Bd3 Qxf2+ 37. Qxf2 Nxf2 38. Kxf2 Kf6 39. Ke2 Ke6 40. Ra7 f5 41. Kd2 e4 42. Bc2 g5 43. Bb3+ Kd6 44. Rh7 Ke5 45. Re7+ Kd6 46. Re6+ Kd7 47. Rxc6 Kxc6 48. Ke3 Kd6 49. Kd4 h5 50. Bf7 g4 51. h4 f4 52. gxf4 g3 53. Ke3 Kc6 54. Bxh5 Kd5 55. Bf7+ Kd6 56. h5 Ke7 57. Bd5 g2 58. Kf2 e3+ 59. Kxg2 e2 60. Kf2 Kd6 61. Be4 Kc7 62. Kxe2 Kb6 63. h6 a5 64. h7 a4 65. h8=Q 1-0

[Event "HEM-Kandidaten 2024"]
[Site "?"]
[Date "2024.05.19"]
[Round "3.10"]
[White "Meyer, Winfried"]
[Black "Schwarzman, Isja"]
[Result "0-1"]
[WhiteElo "1777"]
[BlackElo "1875"]
[PlyCount "32"]
[GameId "2047428683182271"]
[EventDate "2024.??.??"]
[WhiteTeam "Langenhorner SF 1928"]
[BlackTeam "Hamburger SK von 1830 eV"]

{[%evp 0,23,18,14,24,13,21,19,15,5,14,-21,-17,-31,43,-194,-221,-202,-212,-481,-584,-547,-548,-553,-553,-554]} 1. e4 e5 2. Nf3 Nc6 3. Bb5 Nf6 4. O-O Bc5 5. Qe2 d6 6. h3 Nh5 7. Nxe5 Nf4 8. Qc4 Be6 9. Nxc6 Qg5 10. Ne5+ c6 11. Ng4 Bxc4 12. Bxc4 h5 13. d4 hxg4 14. Bxf4 Qxf4 15. dxc5 gxh3 16. Be2 hxg2 0-1